Euro v praxi
Z obsahu: Štart spoločnej európskej meny bol bezproblémový, riziká jej stability však pretrvávajú. Vznik eura ohrozuje pozíciu Londýna ako finančného centra. Britská vláda pripravuje plán na pripojenie sa k EMÚ. Nemecko chce čím skôr bankovky a mince euro. Euro sa bude presadzovať v úlohe svetovej m...
Gespeichert in:
| Format: | Buchkapitel |
|---|---|
| Sprache: | Slowakisch |
| Schlagworte: | |
| Tags: |
Keine Tags, Fügen Sie das erste Tag hinzu!
|
MARC
| LEADER | 00000naa a2200000 4500 | ||
|---|---|---|---|
| 001 | r033979 | ||
| 005 | 20230921103346.6 | ||
| 041 | 0 | |a slo | |
| 044 | |a SK | ||
| 245 | 1 | 0 | |a Euro v praxi |
| 520 | |a Z obsahu: Štart spoločnej európskej meny bol bezproblémový, riziká jej stability však pretrvávajú. Vznik eura ohrozuje pozíciu Londýna ako finančného centra. Britská vláda pripravuje plán na pripojenie sa k EMÚ. Nemecko chce čím skôr bankovky a mince euro. Euro sa bude presadzovať v úlohe svetovej meny postupne. | ||
| 610 | 2 | 0 | |a euro |
| 610 | 2 | 0 | |a únie menové |
| 610 | 2 | 0 | |a Veľká Británia |
| 610 | 2 | 0 | |a Nemecko |
| 610 | 2 | 0 | |a Európska menová únia |